<?xml version="1.0" encoding="UTF-8"?><?xml-stylesheet type="text/xsl" href="static/style.xsl"?><OAI-PMH xmlns="http://www.openarchives.org/OAI/2.0/" xmlns:xsi="http://www.w3.org/2001/XMLSchema-instance" xsi:schemaLocation="http://www.openarchives.org/OAI/2.0/ http://www.openarchives.org/OAI/2.0/OAI-PMH.xsd"><responseDate>2026-04-30T22:26:14Z</responseDate><request verb="GetRecord" identifier="oai:uvadoc.uva.es:10324/60422" metadataPrefix="marc">https://uvadoc.uva.es/oai/request</request><GetRecord><record><header><identifier>oai:uvadoc.uva.es:10324/60422</identifier><datestamp>2023-07-19T19:01:42Z</datestamp><setSpec>com_10324_38</setSpec><setSpec>col_10324_787</setSpec></header><metadata><record xmlns="http://www.loc.gov/MARC21/slim" xmlns:doc="http://www.lyncode.com/xoai" xmlns:xsi="http://www.w3.org/2001/XMLSchema-instance" xmlns:dcterms="http://purl.org/dc/terms/" xsi:schemaLocation="http://www.loc.gov/MARC21/slim http://www.loc.gov/standards/marcxml/schema/MARC21slim.xsd">
<leader>00925njm 22002777a 4500</leader>
<datafield tag="042" ind1=" " ind2=" ">
<subfield code="a">dc</subfield>
</datafield>
<datafield tag="720" ind1=" " ind2=" ">
<subfield code="a">Escobar Madurga, Alejandro</subfield>
<subfield code="e">author</subfield>
</datafield>
<datafield tag="260" ind1=" " ind2=" ">
<subfield code="c">2023</subfield>
</datafield>
<datafield tag="520" ind1=" " ind2=" ">
<subfield code="a">La entrada en vigor de la LOMLOE, actual Ley Orgánica 3/2020, así como la aprobación&#xd;
del actual Real Decreto 157/2022, han traído diversas modificaciones y nuevos contenidos&#xd;
relacionados con el uso y fomento de la bicicleta en la Educación Primaria. Esta&#xd;
investigación trata de analizar y conocer todo lo relacionado con la bicicleta dentro de la&#xd;
nueva ley educativa. Así como dentro de los currículums educativos autonómicos de Castilla&#xd;
y León, Madrid y Aragón. De la misma forma se analizarán los más actuales proyectos de uso&#xd;
y fomento de la bicicleta en la escuela. Para ello se ha seguido una metodología cualitativa,&#xd;
concretamente un análisis documental, siendo el resultado la exposición de nuevos objetivos&#xd;
de etapa, competencias específicas y saberes básicos que se relacionan de forma directa o&#xd;
indirecta con la bicicleta. Se concluye que el uso de la bicicleta está cada vez más presente en&#xd;
las leyes educativas y centros educativos.</subfield>
</datafield>
<datafield tag="024" ind2=" " ind1="8">
<subfield code="a">https://uvadoc.uva.es/handle/10324/60422</subfield>
</datafield>
<datafield tag="245" ind1="0" ind2="0">
<subfield code="a">Las bicicletas son para la escuela en la LOMLOE</subfield>
</datafield>
</record></metadata></record></GetRecord></OAI-PMH>